00329nam a2200145Ia 45000030006000000080041000060400015000471000018000622450048000802500011001282600009001393000006001485460012001540050017001660STCL150530s9999 xx 000 0 und d aSTCLcSTCL aCollins, A.S. aEnglish literature of the twentieth century aFourth c1962 a0 aEnglish20220125170826.0